Statistiken für Größte Städte Spaniens

Klicken Sie hier um das Quiz zu spielen!

Allgemein

  • Dieses Quiz wurde 1.408 mal gespielt
  • Das Durchschnittsergebnis liegt bei 13 aus 30

Antwortstatistiken

#BevölkerungStadt% Korrekt
21.620.343Barcelona
100%
13.223.334Madrid
100%
3791.413Valencia
94%
4688.711Sevilla
93%
10345.821Bilbao
85%
6571.026Málaga
77%
8409.661Palma de Mallorca
72%
5666.880Saragossa
63%
19232.208Granada
56%
7447.182Murcia
49%
18244.850A Coruña
47%
11331.577Alicante
47%
14293.642Vigo
47%
9378.517Las Palmas de Gran Canaria
46%
13298.866Valladolid
43%
12325.708Córdoba
42%
29199.066Pamplona
38%
15271.843Gijón
36%
20230.625Elche
30%
30196.851Almería
29%
21220.020Oviedo
24%
25212.879Jerez de la Frontera
20%
28204.856Santa Cruz de Tenerife
19%
24213.943Cartagena
13%
17249.176Vitoria-Gasteiz
13%
23217.741Badalona
11%
16261.068L'Hospitalet de Llobregat
9%
22218.535Terrassa
7%
26211.734Sabadell
6%
27207.095Móstoles
2%

Verteilung der Resultate

Perzentil nach korrekt beantworteten Fragen

Anzahl Personen mit jedem Resultat

Ihre Resultats-Entwicklung

Sie haben dieses Quiz noch nicht gespielt